[Event "Garmisch"]
[Site "Garmisch"]
[Date "1994.??.??"]
[Round "8"]
[White "Jussupow, Artur"]
[Black "Sokolov, Ivan"]
[Result "0-1"]
[WhiteElo "2655"]
[BlackElo "2625"]
[PlyCount "46"]
[EventDate "1994.??.??"]
[Source "ChessBase"]

1. e4 e5 2. Nf3 Nc6 3. c3 d5 4. Bb5 dxe4 5. Nxe5 Qg5 6. Qa4 Qxe5 7. Bxc6+ bxc6 8. Qxc6+ Kd8 9. Qxa8 Nf6 10. Na3 Bc5 11. b4 Bxf2+ 12. Kxf2 e3+ 13. dxe3 Ne4+ 14. Ke1 Ke7 15. Bb2 Rd8 16. Rd1 Nxc3 17. Kf2 Nxd1+ 18. Rxd1 Qxb2+ 19. Kg3 Qe5+ 20. Kf2 Rxd1 21. Qxc8 Rd2+ 22. Kf3 Qf6+ 23. Ke4 Qc6+ 0-1

[Event "Bosna SuperGM"]
[Site "Sarajevo"]
[Date "2002.05.22"]
[Round "1"]
[White "Kurajica, Bojan"]
[Black "Sokolov, Ivan"]
[Result "0-1"]
[WhiteElo "2555"]
[BlackElo "2647"]
[PlyCount "62"]
[EventDate "2002.05.22"]
[Source "ChessBase"]
[SourceDate "2002.09.20"]

1. e4 e5 2. Nf3 Nc6 3. c3 Nf6 4. d3 Be7 5. g3 d5 6. Nbd2 Bg4 7. Qb3 O-O 8. Qxb7 Qd7 9. Qa6 Rab8 10. Qa4 Rfd8 11. Be2 h6 12. Qc2 Bh3 13. a3 a5 14. b4 axb4 15. cxb4 dxe4 16. dxe4 Nd4 17. Nxd4 exd4 18. Qd3 c5 19. bxc5 Bxc5 20. f3 Ba7 21. Nc4 Rbc8 22. Bd2 Re8 23. Bb4 Nxe4 24. fxe4 Bg2 25. Nd6 Bxh1 26. Kd2 Bg2 27. Qb5 Qe6 28. Nxe8 Rxe8 29. Bd3 Bxe4 30. Rc1 Bxd3 31. Qxd3 Qh3 0-1

[Event "Malmo"]
[Site "?"]
[Date "1993.??.??"]
[Round "?"]
[White "Rogers, I."]
[Black "Romanishin, O."]
[Result "0-1"]
[WhiteElo "2575"]
[BlackElo "2615"]
[PlyCount "82"]
[EventDate "1993.??.??"]
[Source "ChessBase"]
[SourceDate "1993.06.01"]

1. e4 e5 2. Nf3 Nc6 3. c3 d5 4. Qa4 Bd7 5. exd5 Nd4 6. Qd1 Nxf3+ 7. Qxf3 Nf6 8. h3 e4 9. Qe3 Be7 10. c4 O-O 11. Nc3 c6 12. Be2 cxd5 13. cxd5 Bf5 14. Bc4 Rc8 15. b3 Bc5 16. Qe2 Bd4 17. O-O Re8 18. Bb2 a6 19. a4 Qd7 20. Nd1 Bxb2 21. Nxb2 Bg6 22. a5 Nxd5 23. Bxd5 Qxd5 24. Nc4 Rcd8 25. Qe3 h6 26. Ra4 Qb5 27. Qb6 Qxb6 28. axb6 f6 29. Re1 Re6 30. f3 Be8 31. Rb4 Rd4 32. Ra1 exf3 33. Rxa6 fxg2 34. Ra8 Kh7 35. Rba4 Bxa4 36. Rxa4 Re2 37. Ra1 h5 38. Na5 Rb4 39. Nxb7 Rxb6 40. Na5 Rb5 41. d4 h4 0-1

[Event "Manila"]
[Site "Manila PHI"]
[Date "1973.10.24"]
[Round "6"]
[White "Ljubojevic, Ljubomir"]
[Black "Gligoric, Svetozar"]
[Result "1/2-1/2"]
[WhiteElo "2565"]
[BlackElo "2595"]
[PlyCount "41"]
[EventDate "1973.10.??"]
[Source "www.chesslib.no"]
[SourceDate "2004.05.04"]

1. e4 e5 2. Nf3 Nc6 3. c3 Nf6 4. d4 Nxe4 5. d5 Nb8 6. Qe2 Nf6 7. Nxe5 Be7 8. d6 cxd6 9. Nc4 O-O 10. Qd1 d5 11. Ne3 Nc6 12. Nxd5 Bc5 13. Be2 Nxd5 14. Qxd5 d6 15. O-O Re8 16. Be3 Re5 17. Qf3 Bxe3 18. fxe3 Qe7 19. Bc4 Rf5 20. Qg3 Rxf1+ 21. Bxf1 1/2-1/2

[Event "Coupe de France"]
[Site "?"]
[Date "1999.06.26"]
[Round "1"]
[White "Koch Jean-Rene"]
[Black "Piket Jeroen"]
[Result "1/2-1/2"]
[WhiteElo "2485"]
[BlackElo "2619"]
[PlyCount "117"]
[EventDate "1999.??.??"]
[Source "www.chesslib.no"]
[SourceDate "2004.05.04"]

1. e4 e5 2. Nf3 Nc6 3. c3 d5 4. Qa4 f6 5. Bb5 Nge7 6. exd5 Qxd5 7. d4 Bg4 8. Bc4 Qd7 9. dxe5 Nxe5 10. Bb5 Nxf3+ 11. gxf3 c6 12. Qxg4 cxb5 13. Qxd7+ Kxd7 14. a4 b4 15. O-O Nf5 16. cxb4 Bxb4 17. Bd2 Bd6 18. Rd1 Ke6 19. Bc3 Rhd8 20. Nd2 Nh4 21. h3 Be5 22. Kf1 Bxc3 23. bxc3 Rac8 24. c4 Rc7 25. Ra3 Kf5 26. Ke2 Rcd7 27. Nf1 Rxd1 28. Ne3+ Ke6 29. Nxd1 Ng2 30. Nc3 Nf4+ 31. Ke3 Nxh3 32. Ra1 g5 33. Nd5 Nf4 34. Nxf4+ gxf4+ 35. Ke4 f5+ 36. Kxf4 Rd4+ 37. Kg5 h6+ 38. Kxh6 Kf6 39. Kh5 Rxc4 40. a5 Rf4 41. Rb1 Rxf3 42. Kh4 Ra3 43. Rxb7 Rxa5 44. f4 Ra4 45. Kg3 Ra3+ 46. Kh4 Ra4 47. Kg3 Ke6 48. Rc7 a5 49. Rc5 Ra1 50. Kh4 Rh1+ 51. Kg3 Rg1+ 52. Kh3 a4 53. Re5+ Kf6 54. Ra5 Rh1+ 55. Kg3 Rg1+ 56. Kh3 Rh1+ 57. Kg3 Rg1+ 58. Kh3 Rh1+ 59. Kg3 1/2-1/2

[Event "Munich"]
[Site "Munich"]
[Date "1988.??.??"]
[Round "?"]
[White "Hickl, Joerg"]
[Black "Hjartarson, Johann"]
[Result "1/2-1/2"]
[WhiteElo "2485"]
[BlackElo "2590"]
[PlyCount "57"]
[EventDate "1988.04.??"]
[Source "ChessBase"]

1. e4 e5 2. Nf3 Nc6 3. c3 Nf6 4. d4 Nxe4 5. d5 Ne7 6. Nxe5 Ng6 7. Qd4 Qe7 8. Qxe4 Qxe5 9. Nd2 d6 10. Qxe5+ Nxe5 11. Nc4 Nxc4 12. Bxc4 Be7 13. O-O O-O 14. Re1 Bf6 15. Bf4 Bd7 16. Re2 Rfe8 17. Rae1 Rxe2 18. Rxe2 a5 19. Kf1 a4 20. a3 Kf8 21. Ke1 Ra5 22. Ba2 Bf5 23. f3 h5 24. Be3 Ra8 25. Bc4 Bd7 26. Bd4 Bg5 27. Be3 Bf6 28. Bd4 Bg5 29. Be3 1/2-1/2

[Event "Bad Woerishofen op"]
[Site "Bad Woerishofen"]
[Date "1998.??.??"]
[Round "6"]
[White "Maiwald, Jens Uwe"]
[Black "Giorgadze, Giorgi"]
[Result "0-1"]
[WhiteElo "2460"]
[BlackElo "2605"]
[PlyCount "118"]
[EventDate "1998.03.05"]
[Source "ChessBase"]
[SourceDate "1998.04.29"]

1. e4 e5 2. Nf3 Nc6 3. c3 Nf6 4. d3 g6 5. Be2 Bg7 6. O-O O-O 7. b4 d6 8. Re1 Kh8 9. b5 Ne7 10. a4 a6 11. Na3 b6 12. Bg5 Bb7 13. Bf1 Nd7 14. d4 h6 15. Bh4 f6 16. bxa6 Bxa6 17. Bxa6 Rxa6 18. Nb5 g5 19. Bg3 f5 20. exf5 Nxf5 21. dxe5 Nxg3 22. exd6 Nf5 23. Nxc7 Ra5 24. Ne6 Qf6 25. Nxf8 Bxf8 26. Qb3 Bxd6 27. Re6 Qf7 28. Rae1 Kg7 29. Qd1 Bf8 30. Nd4 Nxd4 31. Qxd4+ Kg8 32. Re8 Rd5 33. Qe3 Rf5 34. h3 Kg7 35. Qd4+ Nf6 36. R8e2 Bc5 37. Qd8 Nd5 38. Kh1 Bxf2 39. Re7 Bxe1 40. Rxf7+ Kxf7 41. Qd7+ Ne7 42. Qd3 Bf2 43. g4 Rf6 44. Qc4+ Kf8 45. Qc7 Rc6 46. Qe5 Bc5 47. Qh8+ Kf7 48. Qh7+ Ke8 49. Kg2 Rf6 50. Qh8+ Kf7 51. Qh7+ Ke6 52. Qe4+ Kd6 53. Qd3+ Kc7 54. Qh7 Kd7 55. Kg3 Bd6+ 56. Kg2 Be5 57. Qe4 Ng6 58. Qb7+ Ke8 59. Kg1 Bd6 0-1

[Event "FRA-chT"]
[Site "France"]
[Date "2002.04.01"]
[Round "7.5"]
[White "Koch, Jean Rene"]
[Black "Spassky, Boris V"]
[Result "1/2-1/2"]
[WhiteElo "2498"]
[BlackElo "2551"]
[PlyCount "43"]
[EventDate "2002.02.01"]
[Source "ChessBase"]
[SourceDate "2002.07.08"]

1. e4 e5 2. Nf3 Nc6 3. c3 Nf6 4. d4 Nxe4 5. d5 Ne7 6. Nxe5 Ng6 7. Qe2 Qe7 8. Qxe4 Qxe5 9. Qxe5+ Nxe5 10. Be3 Ng4 11. Bd4 c5 12. dxc6 dxc6 13. f3 Nf6 14. Bc4 Be7 15. O-O O-O 16. Re1 Re8 17. Nd2 Bd7 18. Rad1 Bd8 19. Rxe8+ Bxe8 20. Bb3 Be7 21. Nc4 b5 22. Bxf6 1/2-1/2

[Event "YUG-ch"]
[Site "?"]
[Date "1978.02.03"]
[Round "12"]
[White "Kurajica Bojan"]
[Black "Ivkov Borislav"]
[Result "1/2-1/2"]
[WhiteElo "2530"]
[BlackElo "2515"]
[PlyCount "30"]
[EventDate "1978.??.??"]
[Source "www.chesslib.no"]
[SourceDate "2004.05.04"]

1. e4 e5 2. Nf3 Nc6 3. c3 Nf6 4. d3 d5 5. Qc2 a5 6. a4 Bc5 7. Bg5 Be6 8. Nbd2 Be7 9. Be2 Nd7 10. Bxe7 Qxe7 11. O-O O-O 12. Rfe1 f5 13. exd5 Bxd5 14. Nf1 Rae8 15. N1d2 Qf6 1/2-1/2

[Event "It (open)"]
[Site "Ceska Trebova (Czech Republic"]
[Date "2007.08.16"]
[Round "8"]
[White "Heberla Bartlomiej (POL)"]
[Black "Votava Jan (CZE)"]
[Result "1/2-1/2"]
[WhiteElo "2484"]
[BlackElo "2547"]
[PlyCount "34"]
[EventDate "2007.??.??"]
[Source "www.chesslib.no"]
[SourceDate "2004.05.04"]

1. e4 e5 2. Nf3 Nc6 3. c3 Nf6 4. d4 Nxe4 5. d5 Ne7 6. Nxe5 Ng6 7. Qf3 Qe7 8. Nxg6 hxg6 9. Be3 Rh5 10. Bd3 Nf6 11. Bc4 Rf5 12. Qe2 Nxd5 13. Bxd5 Rxd5 14. c4 Re5 15. Nc3 c6 16. O-O-O d6 17. Qd2 Bf5 1/2-1/2

[Event "Kecskemet Szechenyi"]
[Site "Kecskemet"]
[Date "1991.??.??"]
[Round "1"]
[White "Malaniuk, Vladimir P"]
[Black "Mikhalchishin, Adrian"]
[Result "1/2-1/2"]
[WhiteElo "2510"]
[BlackElo "2520"]
[PlyCount "28"]
[EventDate "1991.07.??"]
[Source "ChessBase"]

1. e4 e5 2. Nf3 Nc6 3. c3 Nf6 4. d4 exd4 5. e5 Nd5 6. cxd4 Bb4+ 7. Bd2 Bxd2+ 8. Qxd2 d6 9. Bc4 dxe5 10. dxe5 Be6 11. Nc3 Nxc3 12. Qxc3 Bxc4 13. Qxc4 O-O 14. O-O Qe7 1/2-1/2

[Event "Alicante op2"]
[Site "Alicante ESP"]
[Date "1989.??.??"]
[Round "?"]
[White "Hector, Jonny"]
[Black "Morovic Fernandez, Ivan E"]
[Result "1/2-1/2"]
[WhiteElo "2485"]
[BlackElo "2540"]
[PlyCount "131"]
[EventDate "1989.??.??"]
[Source "www.chesslib.no"]
[SourceDate "2004.05.04"]

1. e4 e5 2. Nf3 Nc6 3. c3 Nf6 4. d4 Nxe4 5. d5 Nb8 6. Nxe5 Qe7 7. Qd4 Nd6 8. Kd1 Nf5 9. Qf4 g6 10. Ng4 Qd6 11. Bd3 Qxf4 12. Bxf4 d6 13. Bxf5 Bxf5 14. Re1+ Be7 15. Nh6 Nd7 16. Na3 Nf6 17. Rxe7+ Kxe7 18. Bg5 Rhe8 19. Kd2 Kd7 20. Bxf6 Be4 21. c4 Bxg2 22. Nc2 Re4 23. Rg1 Bf3 24. Bd4 Rh4 25. Nxf7 Be4 26. Ne3 Rf8 27. Ng5 Rxf2+ 28. Kc3 Rf8 29. Ng4 Bf5 30. Nf6+ Kc8 31. Ngxh7 Rh8 32. Ng5 Rxh2 33. Re1 a5 34. Kb3 R2h4 35. Bc3 Bd3 36. Nfe4 Rf8 37. Nd2 b6 38. Re3 Bf5 39. Re7 Bd7 40. Rg7 Rg4 41. Nh7 Rd8 42. Nf6 Rg3 43. Nde4 Rg2 44. Ng8 Re2 45. Ng5 Bf5 46. Ne7+ Kb7 47. Nc6 Rde8 48. Ka4 Kc8 49. Nh7 Rc2 50. Nd4 Rf2 51. Nf6 Re3 52. Ne6 Rxe6 53. dxe6 Bxe6 54. b3 Rxa2+ 55. Kb5 Rc2 56. Kc6 Kd8 57. Bd4 a4 58. Ne4 axb3 59. Bf6+ Kc8 60. Rxc7+ Kb8 61. Nxd6 Bxc4 62. Kxb6 Ba6 63. Rh7 b2 64. Rh1 Rc1 65. Rh8+ Rc8 66. Bxb2 1/2-1/2

[Event "Hradec Kralove"]
[Site "Hradec Kralove"]
[Date "1981.??.??"]
[Round "1"]
[White "Ambroz, Jan"]
[Black "Smejkal, Jan"]
[Result "1/2-1/2"]
[WhiteElo "2485"]
[BlackElo "2540"]
[PlyCount "96"]
[EventDate "1981.10.??"]
[Source "ChessBase"]

1. e4 e5 2. Nf3 Nc6 3. c3 Nf6 4. d4 Nxe4 5. d5 Ne7 6. Nxe5 Ng6 7. Qd4 Qf6 8. Qxe4 Qxe5 9. Qxe5+ Nxe5 10. Bf4 d6 11. Na3 Bf5 12. O-O-O O-O-O 13. Nc4 f6 14. Be3 g6 15. f3 h5 16. Nxe5 fxe5 17. Bd3 Bh6 18. Kd2 h4 19. Be4 Rdf8 20. Rdf1 Rf7 21. Bxh6 Rxh6 22. Ke3 g5 23. Rf2 Rhf6 24. Rhf1 Kd7 25. g3 Ke7 26. gxh4 gxh4 27. f4 Bxe4 28. Kxe4 Rf5 29. c4 c6 30. Rf3 cxd5+ 31. cxd5 Kd7 32. h3 Kc7 33. R1f2 a5 34. fxe5 Rxe5+ 35. Kd4 Rxf3 36. Rxf3 Re2 37. Rc3+ Kb6 38. Rb3+ Ka6 39. a4 Rd2+ 40. Ke4 b6 41. Rb5 Rg2 42. Rb3 Ka7 43. Kf4 Rd2 44. Ke4 Kb7 45. Rb5 Rc2 46. Rb3 Rd2 47. Rb5 Rc2 48. Rb3 Rd2 1/2-1/2

[Event "Sankt_Peterburg"]
[Site "?"]
[Date "1995.??.??"]
[Round "?"]
[White "Lukin, A."]
[Black "Malaniuk, Vladimir P"]
[Result "1/2-1/2"]
[WhiteElo "2440"]
[BlackElo "2580"]
[PlyCount "55"]
[EventDate "1995.??.??"]
[Source "ChessBase"]
[SourceDate "1995.10.01"]

1. e4 e5 2. Nf3 Nc6 3. c3 d5 4. Bb5 dxe4 5. Nxe5 Qd5 6. Qa4 Nge7 7. f4 exf3 8. Nxf3 a6 9. Be2 Bd7 10. O-O Ng6 11. Qd1 Be7 12. d4 Bf6 13. Nbd2 O-O 14. Bc4 Qh5 15. Ne4 Be7 16. Neg5 Bxg5 17. Nxg5 Qxd1 18. Rxd1 Na5 19. Bd3 Bb5 20. Bxg6 hxg6 21. b3 Rac8 22. Re1 Rfd8 23. Bf4 b6 24. Re7 Rd7 25. Rae1 Kf8 26. Nh7+ Kg8 27. Ng5 Kf8 28. Nh7+ 1/2-1/2

[Event "SUI-chT"]
[Site "SUI"]
[Date "2003.03.23"]
[Round "2.1"]
[White "Ekstroem, Roland"]
[Black "Jenni, Florian"]
[Result "1-0"]
[WhiteElo "2476"]
[BlackElo "2539"]
[PlyCount "79"]
[EventDate "2003.03.23"]
[Source "Roberto Alvarez"]
[SourceDate "2003.04.14"]

1. e4 e5 2. Nf3 Nc6 3. c3 Nf6 4. d4 Nxe4 5. d5 Nb8 6. Nxe5 Qe7 7. Qd4 d6 8. Qxe4 Qxe5 9. Bd3 Nd7 10. O-O Qxe4 11. Bxe4 Nf6 12. Bf3 Bf5 13. Re1+ Kd7 14. c4 Be7 15. Nc3 Rae8 16. h3 Kc8 17. Be3 a6 18. Bd4 Bd8 19. b3 Rxe1+ 20. Rxe1 Re8 21. Rxe8 Nxe8 22. Bg4 Bd7 23. Bxd7+ Kxd7 24. g4 c6 25. Kg2 Bf6 26. Bxf6 Nxf6 27. Kf3 h6 28. Ne4 Nxe4 29. Kxe4 c5 30. g5 hxg5 31. Kf5 b5 32. a4 bxc4 33. bxc4 Ke7 34. Kxg5 Kf8 35. h4 Ke7 36. a5 Kf8 37. h5 Ke7 38. f3 f6+ 39. Kg6 Kf8 40. f4 1-0

[Event "Metz op 20th"]
[Site "Metz"]
[Date "2002.04.16"]
[Round "4"]
[White "Delchev, Aleksander"]
[Black "Plachetka, Jan"]
[Result "1-0"]
[WhiteElo "2591"]
[BlackElo "2422"]
[PlyCount "67"]
[EventDate "2002.04.13"]
[Source "ChessBase"]
[SourceDate "2002.05.03"]

1. e4 e5 2. Nf3 Nc6 3. c3 Nf6 4. d4 Nxe4 5. d5 Ne7 6. Nxe5 Ng6 7. Nxg6 hxg6 8. Qe2 Qe7 9. Bf4 d6 10. Na3 Nf6 11. O-O-O Qxe2 12. Bxe2 Bg4 13. f3 Bd7 14. Nb5 Kd8 15. g4 Be7 16. h4 Re8 17. Bc4 a6 18. Nd4 Nh7 19. g5 Nf8 20. Bd2 a5 21. Bd3 a4 22. c4 Bc8 23. Bc3 Nd7 24. Bxg6 Ne5 25. Bd3 Nxd3+ 26. Rxd3 Rh8 27. f4 Rh5 28. Ne2 Bg4 29. Ng3 Rh7 30. h5 b5 31. Re3 Bf8 32. f5 Be7 33. f6 gxf6 34. Rhe1 1-0

[Event "Ostend Open"]
[Site "Ostend"]
[Date "1990.??.??"]
[Round "?"]
[White "Hector, Jonny"]
[Black "Krasenkow, Michal"]
[Result "1/2-1/2"]
[WhiteElo "2465"]
[BlackElo "2545"]
[PlyCount "140"]
[EventDate "1990.09.??"]
[Source "www.chesslib.no"]
[SourceDate "2004.05.04"]

1. e4 e5 2. Nf3 Nc6 3. c3 Nf6 4. d4 Nxe4 5. d5 Ne7 6. Nxe5 Ng6 7. Nxg6 hxg6 8. Qe2 Qe7 9. Bf4 c6 10. g4 cxd5 11. Nd2 Nc5 12. O-O-O Qxe2 13. Bxe2 b6 14. Rhe1 Ne6 15. Bf3 Bb7 16. Nc4 O-O-O 17. Nd6+ Bxd6 18. Bxd6 f5 19. Bxd5 Bxd5 20. Rxd5 fxg4 21. Re4 Rde8 22. Rxg4 g5 23. Ra4 a5 24. Bg3 Nf4 25. Rc4+ Kd8 26. Rxg5 Ne2+ 27. Kd2 Nxg3 28. hxg3 Rh2 29. Rf5 Rh1 30. Rf7 Rhe1 31. Rd4 R8e2+ 32. Kd3 Rxb2 33. Rdxd7+ Ke8 34. Rb7 Rd1+ 35. Kc4 b5+ 36. Kc5 Rc2 37. Rxg7 Rxc3+ 38. Kb6 Kf8 39. Rbf7+ Ke8 40. Rh7 Rh1 41. Kxa5 Rc2 42. Re7+ Kf8 43. Rhf7+ Kg8 44. a3 Rc3 45. Kb4 Rd3 46. Kxb5 Rxa3 47. Kc4 Rf1 48. Rg7+ Kh8 49. Rh7+ Kg8 50. Reg7+ Kf8 51. f4 Rff3 52. Rb7 Kg8 53. Rhg7+ Kh8 54. Rge7 Rxg3 55. f5 Rgc3+ 56. Kd5 Rd3+ 57. Ke6 Re3+ 58. Kf7 Rxe7+ 59. Rxe7 Ra1 60. f6 Kh7 61. Rd7 Ra8 62. Rb7 Kh6 63. Ke6 Kg6 64. Rg7+ Kh6 65. Rd7 Kg6 66. Ke7 Kh7 67. Rd1 Ra7+ 68. Ke6 Ra6+ 69. Ke7 Ra7+ 70. Ke8 Kg6 1/2-1/2

[Event "Moscow RUS"]
[Site "?"]
[Date "2000.??.??"]
[Round "5"]
[White "Voitsekhovsky Stanislav"]
[Black "Cherniaev Alexander"]
[Result "1/2-1/2"]
[WhiteElo "2546"]
[BlackElo "2460"]
[PlyCount "119"]
[EventDate "2000.??.??"]
[Source "www.chesslib.no"]
[SourceDate "2004.05.04"]

1. e4 e5 2. Nf3 Nc6 3. c3 Nf6 4. d4 Nxe4 5. d5 Nb8 6. Nxe5 Nf6 7. Be2 d6 8. Nf3 g6 9. c4 Bg7 10. Nc3 O-O 11. O-O Nbd7 12. Nd4 Re8 13. f3 c6 14. dxc6 bxc6 15. Kh1 Bb7 16. Bf4 Ne5 17. Qd2 Qb6 18. Na4 Qc7 19. c5 d5 20. b3 Nh5 21. Be3 Nd7 22. Rae1 f5 23. b4 f4 24. Bf2 Ne5 25. b5 Qf7 26. Nc3 Red8 27. bxc6 Bxc6 28. Nxc6 Nxc6 29. Nb5 Be5 30. Bd1 a6 31. Nd6 Bxd6 32. cxd6 Rxd6 33. Bb3 Rad8 34. Bh4 R8d7 35. Rc1 Ne7 36. Rfe1 Nf5 37. Bg5 h6 38. Bxf4 Nxf4 39. Qxf4 Kg7 40. Rc8 Rd8 41. Rxd8 Rxd8 42. Qe5+ Kh7 43. Rd1 Qe7 44. Qxe7+ Nxe7 45. Kg1 Kg7 46. Kf2 Kf6 47. f4 Ke6 48. g4 Rc8 49. Re1+ Kd6 50. Re3 Rc1 51. Rh3 Ng8 52. g5 hxg5 53. fxg5 Ne7 54. Rh8 Rc6 55. Kf3 Ke5 56. Re8 Rc7 57. h4 a5 58. Ke3 Kd6 59. Kd2 Rb7 60. Ra8 1/2-1/2

[Event "Cappelle op 18th"]
[Site "Cappelle la Grande"]
[Date "2002.02.14"]
[Round "6"]
[White "Kurnosov, Igor"]
[Black "Van den Doel, Erik"]
[Result "0-1"]
[WhiteElo "2419"]
[BlackElo "2585"]
[PlyCount "67"]
[EventDate "2002.02.09"]
[Source "ChessBase"]
[SourceDate "2002.03.14"]

1. e4 e5 2. Nf3 Nc6 3. c3 Nf6 4. d4 exd4 5. e5 Nd5 6. cxd4 Bb4+ 7. Bd2 Bxd2+ 8. Nbxd2 d6 9. Bb5 O-O 10. O-O Bd7 11. Qb3 Be6 12. Qa3 Ndb4 13. Rad1 Bd5 14. Bc4 dxe5 15. dxe5 Qe7 16. Bxd5 Nxd5 17. Qd3 Rad8 18. Qf5 Rfe8 19. Rfe1 Ndb4 20. Ne4 Qe6 21. Qxe6 fxe6 22. Rxd8 Rxd8 23. g3 h6 24. Re3 b6 25. a3 Nd3 26. Nc3 Nxb2 27. Nb5 Rd3 28. Rxd3 Nxd3 29. Nxc7 Ndxe5 30. Nd2 Kf7 31. f4 Nd3 32. Kf1 Nd4 33. Nc4 Ke7 34. Na6 0-1

[Event "Riga (Latvia)"]
[Site "?"]
[Date "1951.??.??"]
[Round "?"]
[White "Estrin Yacov"]
[Black "Spassky Boris V"]
[Result "0-1"]
[WhiteElo "2450"]
[BlackElo "2548"]
[PlyCount "38"]
[EventDate "1951.??.??"]
[Source "www.chesslib.no"]
[SourceDate "2004.05.04"]

1. e4 e5 2. Nf3 Nc6 3. c3 f5 4. d4 fxe4 5. Nxe5 Qf6 6. Nc4 d5 7. Ne3 Be6 8. Bb5 Bd6 9. O-O Nh6 10. f3 Qh4 11. g3 Bxg3 12. hxg3 Qxg3+ 13. Ng2 Bh3 14. Qe2 O-O 15. Qf2 Qg6 16. Be2 Rf6 17. f4 Nf5 18. Kh2 Qh6 19. Rh1 Bxg2+ 0-1

[Event "Baden-Baden"]
[Site "Baden-Baden"]
[Date "1985.??.??"]
[Round "5"]
[White "Ermenkov, Evgenij"]
[Black "Timoscenko, Genadij"]
[Result "1/2-1/2"]
[WhiteElo "2520"]
[BlackElo "2475"]
[PlyCount "30"]
[EventDate "1985.07.??"]
[Source "ChessBase"]

1. e4 e5 2. Nf3 Nc6 3. c3 Nf6 4. d4 Nxe4 5. d5 Ne7 6. Nxe5 Ng6 7. Nd3 Be7 8. Be3 O-O 9. Nd2 Nxd2 10. Qxd2 d6 11. g3 Bf5 12. Bg2 Qd7 13. O-O Bf6 14. Rfe1 Rfe8 15. Nf4 Nxf4 1/2-1/2

[Event "Vinkovci"]
[Site "Vinkovci CRO"]
[Date "1976.??.??"]
[Round "?"]
[White "Hulak, Krunoslav"]
[Black "Kurajica, Bojan"]
[Result "1/2-1/2"]
[WhiteElo "2470"]
[BlackElo "2525"]
[PlyCount "138"]
[EventDate "1976.??.??"]
[Source "www.chesslib.no"]
[SourceDate "2004.05.04"]

1. e4 e5 2. Nf3 Nc6 3. c3 Nf6 4. d3 d6 5. Be2 g6 6. O-O Bg7 7. d4 O-O 8. d5 Ne7 9. Nfd2 Ne8 10. c4 c5 11. Nc3 f5 12. Rb1 Nf6 13. b4 cxb4 14. Rxb4 b6 15. a4 Bh6 16. Ba3 Bxd2 17. Qxd2 a5 18. Rb3 Nxe4 19. Nxe4 fxe4 20. Rfb1 Bf5 21. Qe3 Nc8 22. h3 Rf6 23. Bc1 Bd7 24. Ra3 Qf8 25. Rb2 Ra7 26. Bd1 Bf5 27. g4 Bd7 28. Qxe4 Be8 29. Bg5 Rff7 30. Rg3 Qg7 31. Qe3 Rac7 32. Bh6 Qf6 33. Rf3 Qe7 34. Rxf7 Qxf7 35. Qe4 Qe7 36. Be3 g5 37. Qc2 Qd8 38. Be2 Bg6 39. Qd2 h6 40. Bxb6 Nxb6 41. Rxb6 Rxc4 42. Rxd6 Rxg4+ 43. Bxg4 Qxd6 44. Qxa5 Bf7 45. Bf3 Qd7 46. Kg2 g4 47. Be4 gxh3+ 48. Kg3 h5 49. f3 Be8 50. Qa8 h4+ 51. Kh2 Qf7 52. Kxh3 Kg7 53. Qd8 Bd7+ 54. Kg2 h3+ 55. Kf2 Bxa4 56. Qg5+ Kf8 57. Qxe5 Bd7 58. Qh8+ Ke7 59. Qe5+ Kf8 60. f4 Qg7 61. Bf3 Qh6 62. Kg3 h2 63. Qe4 Qh3+ 64. Kf2 Qh4+ 65. Ke3 Qe1+ 66. Kd3 Qb1+ 67. Kc3 Qxe4 68. Bxe4 Ke7 69. Kd4 Kd6 1/2-1/2

[Event "Makarska"]
[Site "?"]
[Date "1996.??.??"]
[Round "11"]
[White "Zelcic Robert"]
[Black "Marciano David"]
[Result "1/2-1/2"]
[WhiteElo "2495"]
[BlackElo "2495"]
[PlyCount "72"]
[EventDate "1996.??.??"]
[Source "www.chesslib.no"]
[SourceDate "2004.05.04"]

1. e4 e5 2. Nf3 Nc6 3. c3 Nf6 4. d4 Nxe4 5. d5 Ne7 6. Nxe5 Ng6 7. Qd4 Qf6 8. Nf3 Qxd4 9. Nxd4 Bc5 10. g3 Ne5 11. Be2 d6 12. O-O Nf6 13. Nb5 Kd8 14. b4 Bb6 15. Bg5 Re8 16. Nd2 Ned7 17. Bg4 Re5 18. Bxf6+ Nxf6 19. Bxc8 Rxc8 20. c4 a6 21. Nc3 Bd4 22. Rac1 Bxc3 23. Rxc3 Ne4 24. Nxe4 Rxe4 25. Rd1 Kd7 26. a3 c5 27. dxc6+ Rxc6 28. c5 Ke7 29. Rcd3 dxc5 30. Rd7+ Kf6 31. Rxb7 Re7 32. Rxe7 Kxe7 33. Rc1 Kd6 34. Rd1+ Ke6 35. bxc5 Rxc5 36. Rd4 Rd5 1/2-1/2

[Event "St Petersburg Open"]
[Site "St Petersburg RUS"]
[Date "1993.??.??"]
[Round "?"]
[White "Lukin, Andrei M"]
[Black "Ibragimov, Ildar"]
[Result "1/2-1/2"]
[WhiteElo "2445"]
[BlackElo "2540"]
[PlyCount "32"]
[EventDate "1993.10.??"]
[Source "www.chesslib.no"]
[SourceDate "2004.05.04"]

1. e4 e5 2. Nf3 Nc6 3. c3 Nf6 4. d4 Nxe4 5. d5 Ne7 6. Nxe5 Ng6 7. Qe2 Qe7 8. Qxe4 Qxe5 9. Qxe5+ Nxe5 10. Bf4 d6 11. Na3 a6 12. Kd2 Bd7 13. Nc4 f6 14. Be3 O-O-O 15. f4 Nxc4+ 16. Bxc4 Re8 1/2-1/2

[Event "Vienna op"]
[Site "Vienna"]
[Date "1986.??.??"]
[Round "?"]
[White "Dueckstein, Andreas"]
[Black "Kortschnoj, Viktor"]
[Result "1/2-1/2"]
[WhiteElo "2350"]
[BlackElo "2635"]
[PlyCount "69"]
[EventDate "1986.01.??"]
[Source "ChessBase"]

1. e4 e5 2. Nf3 Nc6 3. c3 Nf6 4. d4 Nxe4 5. d5 Nb8 6. Bd3 Nc5 7. Nxe5 Nxd3+ 8. Nxd3 d6 9. O-O Be7 10. Qf3 O-O 11. Be3 Nd7 12. Bd4 Bf6 13. Nd2 Bxd4 14. cxd4 Qf6 15. Rfc1 Qxd4 16. Rc4 Qb6 17. Rac1 Nf6 18. Rf4 Bg4 19. Rxg4 Nxg4 20. Qxg4 Qa5 21. Nb4 Rae8 22. h3 Re7 23. a3 Rfe8 24. Rc3 Qb5 25. Qc4 Qb6 26. Nd3 a6 27. Nf3 Qa7 28. Qd4 Qxd4 29. Nxd4 Kf8 30. Rb3 Re4 31. Nf3 Rb8 32. Nb4 Rbe8 33. Nd3 Rb8 34. Nb4 Rbe8 35. Nd3 1/2-1/2

[Event "Russia (ch)"]
[Site "?"]
[Date "1995.??.??"]
[Round "?"]
[White "Lukin, A."]
[Black "Cseshkovsky, V."]
[Result "1-0"]
[WhiteElo "2440"]
[BlackElo "2540"]
[PlyCount "105"]
[EventDate "1995.??.??"]
[Source "ChessBase"]
[SourceDate "1995.10.01"]

1. e4 e5 2. Nf3 Nc6 3. c3 Nf6 4. d4 exd4 5. e5 Nd5 6. cxd4 d6 7. Bb5 Be7 8. Nc3 Nxc3 9. bxc3 O-O 10. O-O Bg4 11. Qd3 Qc8 12. Bf4 Qf5 13. Qxf5 Bxf5 14. Rfe1 d5 15. Bg5 Bxg5 16. Nxg5 h6 17. Nf3 Nd8 18. Nh4 Bh7 19. f4 c6 20. Bf1 g5 21. fxg5 hxg5 22. Nf3 Ne6 23. Re3 Kh8 24. Bd3 Bxd3 25. Rxd3 Rac8 26. Rf1 Rg8 27. h4 Rc7 28. hxg5 Nxg5 29. Nh4 Kg7 30. Nf5+ Kf8 31. Nd6 Re7 32. Rf5 Ne4 33. Nxe4 dxe4 34. Rh3 Rg4 35. Kf2 Re6 36. Rh7 Rg7 37. Rxg7 Kxg7 38. Rf4 c5 39. Rxe4 cxd4 40. cxd4 Ra6 41. Re2 Ra3 42. Rd2 Kf8 43. d5 Ke7 44. g4 Rh3 45. Rd4 Rh2+ 46. Kf3 Rxa2 47. g5 Ra3+ 48. Kf4 Rh3 49. Rd1 Rh2 50. d6+ Ke8 51. g6 fxg6 52. Ke3 g5 53. e6 1-0

[Event "Debrecen"]
[Site "Debrecen"]
[Date "1989.??.??"]
[Round "?"]
[White "Hector, Jonny"]
[Black "Barbero, Gerardo F"]
[Result "0-1"]
[WhiteElo "2485"]
[BlackElo "2495"]
[PlyCount "80"]
[EventDate "1989.06.??"]
[Source "ChessBase"]

1. e4 e5 2. Nf3 Nc6 3. c3 Nf6 4. d4 d6 5. Bb5 Bd7 6. O-O Be7 7. Qe2 O-O 8. Rd1 Qe8 9. Nbd2 Bd8 10. a4 a6 11. Bd3 Nh5 12. Nf1 g6 13. Bh6 Ng7 14. Bc2 f6 15. b4 Ne7 16. c4 Nc6 17. c5 Bg4 18. Qc4+ Kh8 19. d5 Ne7 20. Ra3 Ng8 21. Bc1 Bd7 22. Bb2 f5 23. Re1 Nf6 24. exf5 gxf5 25. Ng3 Qf7 26. Bb3 f4 27. Ne4 Nxe4 28. Rxe4 Bf5 29. Bc2 Bf6 30. Nd2 Qg6 31. f3 Rg8 32. Qe2 Bxe4 33. Bxe4 Nf5 34. Nc4 Qh5 35. cxd6 cxd6 36. Bxf5 Qxf5 37. Nxd6 Qb1+ 38. Kf2 Rxg2+ 39. Kxg2 Rg8+ 40. Kh3 Qg6 0-1